| 000 | 00646nam a22001577a 4500 | ||
|---|---|---|---|
| 003 | OSt | ||
| 005 | 20151130090359.0 | ||
| 008 | 151130b xxu||||| |||| 00| 0 eng d | ||
| 040 | _cRUA | ||
| 082 | _aFIS IN 1996 B162 Or.1 | ||
| 100 |
_93990 _aIN, PEOV. |
||
| 245 | _aSmall scale fishery by gillnet mesh sine 25 m.m and 30m.m in chong kiineas commune (ការនេសាទជាលក្ខណះគ្រួសារដោយឧបករណ៏មងពាក់ក្រឡា២៥ម.មនិង៣០ម.មនៅឃំុចុងឃ្មាស) | ||
| 260 |
_aPhnom Penh _bRUA _c1996 |
||
| 300 |
_a59p. _bill. _c29cm. |
||
| 942 |
_2ddc _cFIS |
||
| 999 |
_c3710 _d3710 |
||